| 000 | 00508nam a22002057a 4500 | ||
|---|---|---|---|
| 003 | OSt | ||
| 005 | 20161010143458.0 | ||
| 008 | 161010b xxu||||| |||| 00| 0 eng d | ||
| 020 | _a9780521676359 | ||
| 040 | _cDMLN | ||
| 082 | _aWN100 B221r 2006 | ||
| 100 |
_aBanerjee, Arpan K. _911165 |
||
| 245 | _aRadiology Made Easy | ||
| 250 | _a2nd ed. | ||
| 260 | _aCambridge University Press, 2006 | ||
| 300 | _axx,178p; ill: 23cm | ||
| 504 | _aIndex included | ||
| 650 |
_aRadiology _947 |
||
| 942 |
_2z _cB_BANK |
||
| 999 |
_c5326 _d5326 |
||